Normal view
MARC view
Entry Personal Name
001 - CONTROL NUMBER
- control field: 16192
003 - CONTROL NUMBER IDENTIFIER
- control field: OSt
005 - DATE AND TIME OF LATEST TRANSACTION
- control field: 20211105134019.0
008 - FIXED-LENGTH DATA ELEMENTS
- fixed length control field: 211105|| aca||aabn | a|a d
040 ## - CATALOGING SOURCE
- Original cataloging agency: OSt
- Transcribing agency: OSt
100 ## - HEADING--PERSONAL NAME
- Personal name: Severino, Giuseppe, ed
670 ## - SOURCE DATA FOUND
- Source citation: Work cat.: (OSt): International Workshop of the OAC and NATO Advanced Research Workshop on Solar and Stellar Granulation Capri, Italy 1988 June 21-25 16189, Solar and stellar granulation, 1989